000 00581nam a2200217Ia 4500
003 OSt
005 20220925215754.0
006 a|||||r|||| 00| 0
007 ta
008 220923b |||||||| |||| 00| 0 eng d
037 _cGeneral Book
040 _aRTL
_cRTL
_beng
041 _2eng
_aeng
082 _aU8.4.2H, A
100 _aFraser J B
_9283520
245 0 _aJournal of A Tour Through Part of the Snowy Range
260 _aLondon
_bJammu & Ganges
300 _a548p
_ccm.
942 _hU8.4.2H, A
_cGB
_2CC
999 _c569680
_d569680